[Event "AUTO-ADV-4745"]
[Site "http://www.queenalice.com/game.php?id=1825045"]
[Date "2023.11.11"]
[Round "1"]
[White "pomar"]
[Black "Ricardoabreu"]
[Result "0-1"]
[WhiteElo "1951"]
[BlackElo "1783"]

1. f3 g6 2. Kf2 Bg7 3. e3 b6 4. c4 e6 5. d4 Bb7 6. Nc3 Qh4+ 7. g3 Qf6 8. Bg2 a6
9. Nh3 d6 10. Rf1 Qe7 11. e4 Nc6 12. Be3 Nf6 13. Nf4 Na5 14. b3 Qd7 15. Qc2 Nc6
16. d5 exd5 17. exd5 Na7 18. Rfe1 O-O 19. Rad1 Rae8 20. Ne4 Nxe4+ 21. fxe4 Nc8
22. Bh3 Qd8 23. Bd4 Bxd4+ 24. Rxd4 Na7 25. Nd3 Qf6+ 26. Kg2 Qxd4 27. Nf4 Qg7 28.
Qf2 Re5 29. Nd3 Re7 30. Nf4 Rfe8 31. Qf3 Qb2+ 32. Re2 Qd4 33. Rf2 Qxe4 34. Qxe4
Rxe4 35. Kg1 c6 36. Bd7 R8e7 37. dxc6 Nxc6 38. Nd5 Rxd7 39. Nf6+ Kg7 40. Nxe4
Nb4 41. Nc3 d5 42. Rd2 Bc6 43. a3 dxc4 44. Rxd7 Bxd7 45. axb4 cxb3 46. Kf2 b2
47. Ke3 Bf5 48. Kd4 b1=Q 49. Nxb1 Bxb1 50. Kd5 Kf6 51. Kc6 Ke5 52. Kxb6 Bd3 53.
Kc5 h5 54. h4 f5 55. Kc6 f4 56. gxf4+ Kxf4 57. Kd5 Kg4 58. Kd4 Bb5 59. Ke3 Kxh4
60. Kf2 Kg4 61. Kg2 h4 62. Kh2 g5 63. Kg2 h3+ 64. Kh2 Bc4 65. Kh1 Kg3 66. b5
Bxb5 67. Kg1 h2+ 68. Kh1 Bc6# 0-1

[Event "AUTO-ADV-4745"]
[Site "http://www.queenalice.com/game.php?id=1825046"]
[Date "2023.11.11"]
[Round "1"]
[White "Ricardoabreu"]
[Black "pomar"]
[Result "1/2-1/2"]
[WhiteElo "1777"]
[BlackElo "1935"]

1. b3 e6 2. Bb2 d5 3. e3 c5 4. Nf3 a6 5. Ne5 Nf6 6. g3 Nbd7 7. Nxd7 Bxd7 8. Bg2
Be7 9. Qe2 Bb5 10. d3 O-O 11. Nc3 Bc6 12. O-O-O Qc7 13. d4 cxd4 14. Rxd4 Bc5 15.
Rd2 d4 16. exd4 Bxg2 17. Rg1 Bxd4 18. Rxd4 Qc6 19. f4 Bf3 20. Qe3 Rad8 21. Rxd8
Rxd8 22. Rf1 Bg2 23. Rd1 Nd5 24. Nxd5 Rxd5 25. Rxd5 Bxd5 26. Qe5 f6 27. Qe2 Bf3
28. Qd2 Be4 29. h4 Bf5 30. Bc3 b5 31. Bb4 Kf7 32. h5 Qh1+ 33. Kb2 Qxh5 34. Qd7+
Kg6 35. Bf8 Bg4 36. Qxg7+ Kf5 37. Be7 Qg6 38. Qf8 Bf3 39. Qc8 Qxg3 40. Qc5+ Kxf4
41. Bxf6 Bd5 42. Qd4+ Kf5 43. Bh8 Qg6 44. Qe5+ Kg4 45. Qe2+ Bf3 46. Qe3 h5 47.
Qg1+ Kf5 48. Qc5+ Kf4 49. Qd4+ Be4 50. Qf2+ Bf3 51. Qd4+ Kg3 52. Be5+ Kg2 53.
Qd2+ Kf1 54. Bd4 Qg2 55. Qd3+ Be2 56. Qe3 Bf3 57. Qc1+ Ke2 58. Qe3+ Kf1 59. Qc1+
Ke2 60. Qe3+ Kd1 61. Qc1+ Ke2 62. Qe3+ 1/2-1/2

[Event "AUTO-ADV-4745"]
[Site "http://www.queenalice.com/game.php?id=1825059"]
[Date "2023.11.11"]
[Round "1"]
[White "chessman"]
[Black "Ricardoabreu"]
[Result "0-1"]
[WhiteElo "1982"]
[BlackElo "1781"]

1. e4 b6 2. d3 g6 3. Nf3 Bg7 4. Be2 e6 5. O-O Nc6 6. Nc3 Bxc3 7. bxc3 Bb7 8. d4
Nb8 9. Bd3 Nf6 10. Re1 Nc6 11. h3 Nh5 12. Bh6 Ne7 13. g4 Ng8 14. Be3 Nhf6 15.
Bg5 h6 16. Be3 Nxe4 17. Bxe4 Bxe4 18. c4 d5 19. cxd5 Bxd5 20. Qe2 Qd7 21. c4 Bb7
22. d5 O-O-O 23. Ne5 Qe7 24. a4 exd5 25. cxd5 Rxd5 26. Rad1 Qxe5 0-1

[Event "AUTO-ADV-4745"]
[Site "http://www.queenalice.com/game.php?id=1825060"]
[Date "2023.11.11"]
[Round "1"]
[White "Ricardoabreu"]
[Black "chessman"]
[Result "0-1"]
[WhiteElo "1823"]
[BlackElo "1927"]

1. b3 e5 2. Bb2 d6 3. g3 Nf6 4. Bg2 Be7 5. e3 O-O 6. Nc3 a6 7. Ne4 Nxe4 8. Bxe4
c6 9. Qh5 f5 10. Bg2 Bf6 11. Nh3 Nd7 12. Qxf5 Nc5 13. Qf3 e4 14. Qe2 Bxb2 15.
Rb1 Bf6 16. Qc4+ Be6 17. Qe2 d5 18. Nf4 Bf7 19. Bh3 d4 20. exd4 Bxd4 21. O-O Bd5
22. Nxd5 cxd5 23. c3 Bf6 24. Qe3 Nd7 25. f3 Re8 26. Bg2 exf3 27. Qxf3 Nb6 28.
Rbe1 Rxe1 29. Rxe1 Rc8 30. h4 Qd6 31. Qg4 Qc5+ 32. Kf1 Rf8 33. Qe6+ Kh8 34. Qe8
Be7+ 35. Qxf8+ Bxf8 36. Re8 g6 37. Ke1 Qg1+ 38. Ke2 Qxg2+ 39. Kd1 Kg7 40. Rb8
Qf3+ 41. Kc2 Qe4+ 42. Kd1 Qe7 0-1

[Event "AUTO-ADV-4745"]
[Site "http://www.queenalice.com/game.php?id=1825069"]
[Date "2023.11.11"]
[Round "1"]
[White "Ricardoabreu"]
[Black "Canaye14"]
[Result "1-0"]
[WhiteElo "1806"]
[BlackElo "1830"]

1. b3 e5 2. Bb2 d6 3. g3 Nf6 4. Bg2 Nc6 5. Bxc6+ bxc6 6. e3 Ba6 7. d3 Be7 8. Qf3
O-O 9. Qxc6 Rb8 10. Qxa6 c5 11. Qxa7 Ra8 12. Qb7 Nd5 13. Qxd5 Ra5 14. Qf3 f5 15.
Nc3 f4 16. gxf4 exf4 17. O-O-O fxe3 18. Qxe3 Bg5 19. f4 Bxf4 20. Qxf4 Rxf4 21.
Nge2 Rf2 22. h4 d5 23. a4 d4 24. Ne4 Rxe2 25. Rdg1 Qe7 26. Rg4 Ra6 27. Rhg1 g6
28. h5 Qf7 29. hxg6 hxg6 30. Nxc5 Rc6 31. Bxd4 Qd5 32. Rxg6+ Rxg6 33. Rxg6+ Kh7
34. Rg7+ Kh6 35. Rg4 Qh1+ 36. Kb2 Qd1 37. Ne4 Qxc2+ 38. Ka3 Qxd3 39. Bg7+ Kh7
40. Nf6# 1-0

[Event "AUTO-ADV-4745"]
[Site "http://www.queenalice.com/game.php?id=1825070"]
[Date "2023.11.11"]
[Round "1"]
[White "Canaye14"]
[Black "Ricardoabreu"]
[Result "0-1"]
[WhiteElo "1834"]
[BlackElo "1798"]

1. d4 b6 2. c4 Bb7 3. Nc3 e6 4. e4 a6 5. Nf3 Nf6 6. Bd3 Bb4 7. O-O Bxc3 8. bxc3
Nxe4 9. Qc2 Nf6 10. Re1 Bxf3 11. gxf3 Nh5 12. Bxh7 Qf6 13. Be4 c6 14. Qd2 Qe7
15. d5 Nf6 16. Bc2 cxd5 17. cxd5 Qd6 18. dxe6 Qxd2 19. Bxd2 fxe6 20. f4 Nc6 21.
f5 Ke7 22. fxe6 dxe6 23. Bb3 Nd8 24. Re2 b5 25. Rae1 Kf7 26. Bxe6+ Nxe6 27. Rxe6
Rh5 28. Rb6 Rah8 29. Bf4 Ng4 30. Rxa6 Nxh2 31. Ra7+ Kf6 32. Bxh2 Rxh2 33. Rae7
Rh1+ 34. Kg2 R8h2+ 35. Kf3 Rh3+ 36. Ke2 Kxe7 0-1

[Event "Challenge"]
[Site "http://www.queenalice.com/game.php?id=1826346"]
[Date "2023.12.1"]
[Round "-"]
[White "marcomasa"]
[Black "Ricardoabreu"]
[Result "1-0"]
[WhiteElo "2051"]
[BlackElo "1804"]

1. e4 b6 2. Nc3 g6 3. Qf3 Bb7 4. d4 e6 5. Bc4 Bg7 6. Be3 Nc6 7. Nh3 Nxd4 8. Qd1
Nc6 9. a3 Bxc3+ 10. bxc3 Ne5 11. Bd3 f6 12. f4 Nxd3+ 13. cxd3 d5 14. Qe2 dxe4
15. d4 Nh6 16. Bd2 Nf5 17. Be3 Nxe3 18. Qxe3 Qd5 19. O-O Rd8 20. a4 Qb3 21. Rf2
Bc6 22. Re2 f5 23. Rd2 Bxa4 24. Nf2 a5 25. Rda2 Bb5 26. Nd1 Qd5 27. Rc2 Bd3 28.
Rb2 h5 29. Nf2 Ba6 30. Nh3 O-O 31. Ra4 Bd3 32. Ng5 Rde8 33. Nh3 Qc6 34. Ra3 Ra8
35. Qg3 Kg7 36. Qe3 b5 37. Nf2 Bc4 38. Nh3 Qd6 39. Ra1 b4 40. cxb4 axb4 41. Rc1
Bd3 42. Nf2 Rfb8 43. Nh3 b3 44. Nf2 Ra2 45. Nxd3 exd3 46. Qxd3 Rxb2 47. d5 Ra2
48. Qd4+ Kf7 49. dxe6+ Qxe6 50. Rxc7+ Kg8 51. Qg7# 1-0

[Event "Challenge"]
[Site "http://www.queenalice.com/game.php?id=1826597"]
[Date "2023.12.5"]
[Round "-"]
[White "Ricardoabreu"]
[Black "marcomasa"]
[Result "0-1"]
[WhiteElo "1811"]
[BlackElo "2036"]

1. b3 e5 2. Bb2 Nc6 3. g3 Qf6 4. Bg2 Bc5 5. e3 b5 6. Nc3 a6 7. Nd5 Qd8 8. Qg4 g6
9. Nc3 h5 10. Qe2 Nf6 11. Ne4 Nxe4 12. Bxe4 Bb7 13. f3 Qf6 14. O-O-O O-O-O 15.
d4 exd4 16. Nh3 d5 17. Bd3 Rde8 18. e4 dxe4 19. Bxe4 Re6 20. Nf2 Qd8 21. Qf1 Kb8
22. Nd3 Ba7 23. Nf4 Rd6 24. Nd3 f5 25. Bxc6 Bxc6 26. Ne5 Rh7 27. Qe2 Bb7 28.
Nxg6 Rxg6 29. Rhf1 b4 30. f4 Be4 31. Rd2 Rc6 32. Kb1 Rd7 33. Rfd1 Rcd6 34. Qc4
c5 35. h4 d3 36. cxd3 Rxd3 37. Rxd3 Rxd3 0-1

[Event "Challenge"]
[Site "http://www.queenalice.com/game.php?id=1827808"]
[Date "2023.12.22"]
[Round "-"]
[White "Ricardoabreu"]
[Black "marcomasa"]
[Result "0-1"]
[WhiteElo "1785"]
[BlackElo "1974"]

1. b3 e5 2. Bb2 Nc6 3. g3 Bc5 4. e3 Qf6 5. Bg2 b5 6. Qe2 a6 7. Nf3 Rb8 8. Nxe5
Nxe5 9. c3 Ba7 10. d4 Nc6 11. Nd2 Bb7 12. Rg1 Qe7 13. Nb1 Nf6 14. Ba3 d6 15. Nd2
h6 16. e4 O-O 17. e5 Rfe8 18. O-O-O Nh7 19. Rge1 Qd7 20. Qd3 Nxe5 21. Qf1 Bxg2
22. Qxg2 Nd3+ 23. Kc2 Nxe1+ 24. Rxe1 Rxe1 25. Ne4 Re2+ 26. Kd3 Rxa2 27. Bc1 c5
28. h3 cxd4 29. cxd4 Qe6 30. Bd2 Qxb3+ 31. Ke2 Re8 32. d5 Qxd5 0-1

[Event "Challenge"]
[Site "http://www.queenalice.com/game.php?id=1827989"]
[Date "2023.12.26"]
[Round "-"]
[White "marcomasa"]
[Black "Ricardoabreu"]
[Result "1-0"]
[WhiteElo "1967"]
[BlackElo "1794"]

1. e4 b6 2. Bc4 Bb7 3. Qf3 e6 4. Nc3 g6 5. d4 Bg7 6. Be3 f5 7. Nge2 Ne7 8. Nf4
Qc8 9. h4 Nbc6 10. O-O-O Na5 11. Qe2 fxe4 12. g4 Nxc4 13. Qxc4 Ba6 14. Qb3 Bb7
15. Nce2 Ba6 16. Ng3 Bb7 17. c3 Nd5 18. Nxd5 Bxd5 19. c4 Bb7 20. d5 exd5 21.
cxd5 d6 22. Nxe4 Qxg4 23. Rde1 O-O-O 24. Qc4 Rhe8 25. Nxd6+ Rxd6 26. Qxg4+ 1-0

[Event "Challenge"]
[Site "http://www.queenalice.com/game.php?id=1828669"]
[Date "2024.1.6"]
[Round "-"]
[White "marcomasa"]
[Black "Ricardoabreu"]
[Result "1-0"]
[WhiteElo "1961"]
[BlackElo "1806"]

1. e4 b6 2. Bc4 Bb7 3. Qf3 e6 4. Nc3 g6 5. d4 Bg7 6. Be3 Nc6 7. Qd1 Nf6 8. a3
Na5 9. Bd3 Ng4 10. Qxg4 Nc6 11. e5 Na5 12. Be4 Bxe4 13. Qxe4 c6 14. Bd2 Nc4 15.
b3 Nxd2 16. Kxd2 Qg5+ 17. f4 Qh4 18. g3 Qe7 19. Nge2 O-O 20. h4 Rac8 21. g4 d6
22. g5 dxe5 23. fxe5 Rfd8 24. Qe3 Qc7 25. Kc1 Rd7 26. h5 Rcd8 27. hxg6 fxg6 28.
Qh3 Bh8 29. Qxe6+ Rf7 30. Kb2 Bg7 31. Rh2 Re8 32. Qxe8+ Rf8 33. Qe6+ Kh8 34.
Rxh7+ Kxh7 35. Rh1+ Bh6 36. Rxh6+ 1-0

[Event "Challenge"]
[Site "http://www.queenalice.com/game.php?id=1828812"]
[Date "2024.1.9"]
[Round "-"]
[White "Ricardoabreu"]
[Black "marcomasa"]
[Result "0-1"]
[WhiteElo "1796"]
[BlackElo "1987"]

1. b3 e5 2. Bb2 Qf6 3. g3 Bc5 4. e3 a6 5. Bg2 Nc6 6. Qe2 Nh6 7. Nc3 Ne7 8. Ne4
Qc6 9. f4 d5 10. Nxc5 Qxc5 11. Bxe5 f6 12. Bc3 Be6 13. Nf3 Bf5 14. Nd4 Bd7 15.
Nf3 Bb5 16. Qd1 Qd6 17. Nd4 Qd7 18. Qh5+ Nf7 19. Nxb5 Qxb5 20. Bf1 Qc6 21. Bg2
g6 22. Qh4 g5 23. Qg4 h5 24. Qe2 g4 25. O-O-O Rh6 26. e4 Qe6 27. Rhe1 O-O-O 28.
exd5 Qxe2 29. Rxe2 Nxd5 30. Bb2 f5 31. Re7 Nxe7 32. Re1 Nc6 33. Bxc6 bxc6 34.
Re7 Nd6 35. Be5 Rd7 36. Rxd7 Kxd7 37. d4 Nf7 38. Bg7 Re6 39. Kd2 Nd6 40. Bf8 Nb5
41. Bb4 Nxd4 42. Kd3 Nf3 43. c4 Nxh2 0-1

[Event "Challenge"]
[Site "http://www.queenalice.com/game.php?id=1829989"]
[Date "2024.1.23"]
[Round "-"]
[White "marcomasa"]
[Black "Ricardoabreu"]
[Result "1-0"]
[WhiteElo "2047"]
[BlackElo "1771"]

1. e4 b6 2. Bc4 Bb7 3. Nc3 e6 4. Qf3 Nf6 5. d3 Nc6 6. a3 Nd4 7. Qd1 Qe7 8. Nce2
Nxe2 9. Qxe2 g6 10. Nf3 Bg7 11. Bd2 Nh5 12. d4 Nf6 13. e5 Nd5 14. Bxd5 Bxd5 15.
c4 Bxf3 16. Qxf3 O-O 17. O-O-O d6 18. Bc3 dxe5 19. dxe5 Qc5 20. Qf4 Rfd8 21. g4
Rxd1+ 22. Rxd1 b5 23. cxb5 Qxb5 24. h4 Rb8 25. g5 a5 26. Qe4 Qb3 27. Rd7 c5 28.
Qd3 c4 29. Qe4 Qa2 30. Qf4 Rf8 31. Bxa5 Qa1+ 32. Kc2 Qf1 33. Qe3 Rc8 34. Qf3 Rf8
35. Rd1 Qxd1+ 36. Qxd1 Bxe5 37. h5 Rb8 38. Bb4 1-0

[Event "AUTO-ADV-4763"]
[Site "http://www.queenalice.com/game.php?id=1830218"]
[Date "2024.1.25"]
[Round "1"]
[White "chessman"]
[Black "Ricardoabreu"]
[Result "1-0"]
[WhiteElo "1967"]
[BlackElo "1779"]

1. e4 b6 2. d4 Bb7 3. Bd3 g6 4. Nf3 Bg7 5. c3 e6 6. O-O Qe7 7. Re1 Nc6 8. Nbd2
Bh6 9. Nb3 Bxc1 10. Qxc1 h6 11. d5 Nb4 12. cxb4 Qxb4 13. Qxc7 Bc8 14. dxe6 fxe6
15. e5 Ne7 16. Rac1 O-O 17. Qc2 Bb7 18. Be4 Bxe4 19. Qxe4 Qb5 20. h3 Kg7 21. Nh2
Nd5 22. Ng4 Nf4 23. Nf6 Nd5 24. Qd4 Rac8 25. Kh1 Nxf6 26. exf6+ Kf7 27. a4 Qxb3
28. Qxd7+ Kxf6 29. Rxc8 Rf7 30. Qd4+ Ke7 31. Qd8# 1-0

[Event "AUTO-ADV-4763"]
[Site "http://www.queenalice.com/game.php?id=1830219"]
[Date "2024.1.25"]
[Round "1"]
[White "Ricardoabreu"]
[Black "chessman"]
[Result "0-1"]
[WhiteElo "1788"]
[BlackElo "1958"]

1. b3 d5 2. Bb2 e6 3. g3 Nf6 4. Bg2 Be7 5. e3 O-O 6. Nf3 c5 7. Ne5 Nc6 8. Nxc6
bxc6 9. Qe2 Bd6 10. d3 e5 11. Nd2 Ba6 12. c4 Bb7 13. O-O-O d4 14. Ne4 Nxe4 15.
Bxe4 f5 16. Bg2 a5 17. h4 a4 18. h5 axb3 19. axb3 Qa5 20. Rd2 Qb4 21. Kc2 Ra2
22. Ra1 Qc3+ 23. Kd1 Rxa1+ 24. Bxa1 Qxa1+ 25. Kc2 Qc3+ 26. Kd1 Ra8 27. Ra2 Qxb3+
28. Rc2 Ra1+ 29. Kd2 Qb4+ 0-1

[Event "AUTO-ADV-4763"]
[Site "http://www.queenalice.com/game.php?id=1830230"]
[Date "2024.1.25"]
[Round "1"]
[White "Kn1ght1962"]
[Black "Ricardoabreu"]
[Result "1-0"]
[WhiteElo "1781"]
[BlackElo "1762"]

1. e4 b6 2. d4 g6 3. Nf3 Bb7 4. Bd3 Bg7 5. a3 Nc6 6. c3 e6 7. Be3 d6 8. d5 exd5
9. exd5 Ne5 10. Nxe5 Bxe5 11. Bb5+ Kf8 12. Qd2 Bg7 13. h3 Ne7 14. c4 a6 15. Ba4
Nf5 16. O-O Nxe3 17. Qxe3 Bxb2 18. Ra2 Bg7 19. Re2 c6 20. Rfe1 cxd5 21. Qe8+
Qxe8 22. Rxe8+ 1-0

[Event "AUTO-ADV-4763"]
[Site "http://www.queenalice.com/game.php?id=1830231"]
[Date "2024.1.25"]
[Round "1"]
[White "Ricardoabreu"]
[Black "Kn1ght1962"]
[Result "1-0"]
[WhiteElo "1785"]
[BlackElo "1853"]

1. g3 e5 2. Bg2 d5 3. e3 e4 4. b3 Nf6 5. Bb2 Nc6 6. a3 Bd6 7. Qe2 Be6 8. d3 exd3
9. Qxd3 a6 10. Nd2 h6 11. Ngf3 O-O 12. Nd4 Nxd4 13. Bxd4 Re8 14. Nf3 c5 15. Bb2
Ne4 16. Be5 Qa5+ 17. c3 Rad8 18. O-O Nxc3 19. Bxc3 Qc7 20. Qd2 c4 21. Ba5 b6 22.
Bc3 cxb3 23. Qb2 d4 24. Bxd4 Bc4 25. Rfc1 b5 26. Bxg7 Re6 27. Bh8 Rg6 28. Nh4
Bf8 29. Nxg6 fxg6 30. Bc3 a5 31. Rd1 Bd6 32. Rd4 b4 33. axb4 axb4 34. Be1 Kh7
35. Ra8 Rd7 36. Rxc4 Rd8 37. Rxc7+ Bxc7 38. Rxd8 Bxd8 39. Qxb3 Be7 40. Bxb4 Bxb4
41. Qxb4 h5 42. h4 Kh6 43. Bd5 Kh7 44. Qe7+ Kh6 45. Qf8+ 1-0

[Event "Challenge"]
[Site "http://www.queenalice.com/game.php?id=1830351"]
[Date "2024.1.28"]
[Round "-"]
[White "Ricardoabreu"]
[Black "marcomasa"]
[Result "0-1"]
[WhiteElo "1766"]
[BlackElo "2059"]

1. b3 e5 2. Bb2 Nc6 3. g3 Nf6 4. Bg2 d5 5. e3 e4 6. h3 Bc5 7. f3 Bf5 8. g4 Bg6
9. Ne2 Qd6 10. Nf4 h6 11. Nxg6 fxg6 12. Qe2 Qe7 13. Nc3 a6 14. Rf1 Ba7 15. fxe4
dxe4 16. Qc4 O-O-O 17. O-O-O Ne5 18. Qe2 Nc6 19. h4 g5 20. hxg5 hxg5 21. Qc4 Ne5
22. Qe2 Nexg4 23. Nb1 Qe6 24. Na3 Ne5 25. Kb1 Kb8 26. Rh1 g4 27. Rxh8 Rxh8 28.
d3 Nf3 29. Nc4 b5 30. Nd2 Rh2 31. Rh1 Rxh1+ 32. Bxh1 Bb6 33. Bxf6 Qxf6 34. Nxe4
Qf5 35. Ng3 Qe5 36. Nf1 Bc5 37. Bxf3 Qc3 38. Kc1 Qa1+ 39. Kd2 Bb4+ 40. c3 Bxc3+
41. Kc2 Qb2+ 0-1

[Event "Challenge"]
[Site "http://www.queenalice.com/game.php?id=1831037"]
[Date "2024.2.7"]
[Round "-"]
[White "edemarc"]
[Black "Ricardoabreu"]
[Result "0-1"]
[WhiteElo "1537"]
[BlackElo "1794"]

1. e4 b6 2. Nc3 g6 3. d4 Bg7 4. e5 Bb7 5. b4 d6 6. Bf4 Nc6 7. Bb5 a6 8. Bxc6+
Bxc6 9. d5 Bb7 10. f3 dxe5 11. Bg3 e4 12. fxe4 Bxc3+ 13. Kf1 Bxa1 14. Qxa1 f6
15. Be5 fxe5 16. Qxe5 Nf6 17. Nf3 Qd6 18. Qd4 O-O-O 19. e5 Qxd5 20. Qc3 Qd1+ 21.
Ne1 Ne4 22. Qh3+ Kb8 23. Qe3 Rhf8+ 24. Kg1 Nd2 25. h3 Rf1+ 26. Kh2 Rxh1+ 27.
Kxh1 Rf8 28. Kh2 Nf1+ 29. Kg1 Nxe3 0-1

[Event "Challenge"]
[Site "http://www.queenalice.com/game.php?id=1831657"]
[Date "2024.2.16"]
[Round "-"]
[White "marcomasa"]
[Black "Ricardoabreu"]
[Result "0-1"]
[WhiteElo "2099"]
[BlackElo "1760"]

1. e4 b6 2. Bc4 Bb7 3. Qf3 e6 4. a3 g6 5. Nc3 Bg7 6. Nge2 Qe7 7. d4 Nc6 8. Qd3
Na5 9. Ba2 Nc6 10. Bf4 e5 11. dxe5 Nxe5 12. Bxe5 Bxe5 13. Nd5 Qd6 14. Qb3 Qe6
15. Nxc7+ Bxc7 16. Qe3 Qxe4 17. Qc3 Be5 18. Qb3 Qf5 19. f3 Qf6 20. O-O-O Rd8 21.
Ng3 Ne7 22. c3 d5 23. Rd3 Bxg3 24. hxg3 Qg5+ 25. f4 Qf5 26. Re3 Qf6 27. Rhe1 Rd7
28. Re5 O-O 29. Qb4 Nc6 30. Qb5 Nxe5 31. Rxe5 Bc6 32. Qb4 Rd6 33. Qd4 Re8 34.
Qe3 Rxe5 35. fxe5 Qf1+ 36. Kc2 Qxg2+ 37. Kb3 Re6 38. Qg5 Qe4 39. c4 Qxc4# 0-1

[Event "Challenge"]
[Site "http://www.queenalice.com/game.php?id=1832418"]
[Date "2024.2.27"]
[Round "-"]
[White "Ricardoabreu"]
[Black "marcomasa"]
[Result "0-1"]
[WhiteElo "1790"]
[BlackElo "2071"]

1. b3 e5 2. Bb2 Nc6 3. g3 Bc5 4. Bg2 d5 5. e3 Qd6 6. Nc3 Nf6 7. Qe2 Bf5 8. Nb5
Qd7 9. Nf3 a6 10. Na3 Qd6 11. Nb1 Bxc2 12. d4 Bb4+ 13. Nc3 Bxc3+ 14. Bxc3 exd4
15. Nxd4 Bg6 16. O-O h5 17. Rfc1 Bh7 18. Nxc6 Qxc6 19. Bxf6 Qxf6 20. Bxd5 O-O-O
21. Qc4 Rd7 22. Rd1 Rhd8 23. e4 g5 24. Rac1 h4 25. e5 Qxe5 26. Bxf7 Rxd1+ 27.
Rxd1 Rxd1+ 28. Kg2 Be4+ 29. Kh3 Qf5+ 30. g4 Qf3# 0-1

[Event "Challenge"]
[Site "http://www.queenalice.com/game.php?id=1833610"]
[Date "2024.3.16"]
[Round "-"]
[White "marcomasa"]
[Black "Ricardoabreu"]
[Result "1-0"]
[WhiteElo "2079"]
[BlackElo "1804"]

1. e4 b6 2. Bc4 Bb7 3. Qf3 e6 4. a4 Qe7 5. Na3 Qb4 6. b3 a6 7. c3 Qe7 8. Nh3 g6
9. Bb2 Bh6 10. Bd3 Nf6 11. c4 Bg7 12. Qe2 Nh5 13. Bxg7 Nxg7 14. Qe3 Nc6 15. Bc2
Nb4 16. Qd4 f6 17. Qe3 Nxc2+ 18. Nxc2 e5 19. d3 Ne6 20. f3 Nc5 21. Rb1 Ne6 22.
Qd2 Ng7 23. Qe3 Ne6 24. Qd2 Qd6 25. O-O Nd4 26. Nxd4 Qxd4+ 27. Kh1 Qd6 28. f4
O-O-O 29. b4 c6 30. Qc2 Rhf8 31. a5 c5 32. bxc5 Qxc5 33. Rxb6 d6 34. Ra1 Rd7 35.
Qb3 Rff7 36. Qb2 Qe3 37. Rb1 Qxd3 38. Rxa6 Qxc4 39. Ra8+ Kc7 40. Qxb7# 1-0

[Event "Challenge"]
[Site "http://www.queenalice.com/game.php?id=1833769"]
[Date "2024.3.19"]
[Round "-"]
[White "Ricardoabreu"]
[Black "marcomasa"]
[Result "0-1"]
[WhiteElo "1799"]
[BlackElo "2086"]

1. b3 e5 2. Bb2 Qf6 3. e3 d5 4. g3 Bc5 5. Bg2 Qe6 6. Nc3 Nf6 7. h3 Bd7 8. Qe2
Nc6 9. a3 a6 10. b4 Ba7 11. d3 h6 12. Nf3 Bb6 13. Na4 Ba7 14. h4 g6 15. Nd2 b5
16. Nc3 Bb6 17. Nf3 Qd6 18. Nh2 Qe6 19. Nb1 a5 20. c3 a4 21. Nd2 h5 22. Ndf3 Nh7
23. Ng1 Ba7 24. Nhf3 f6 25. Bh3 Qf7 26. Bxd7+ Qxd7 27. Nh2 Qe6 28. Qd2 g5 29.
hxg5 Nxg5 30. O-O-O Bb6 31. Kb1 Na7 32. Ne2 c5 33. Ng1 cxb4 34. cxb4 Rh7 35.
Nhf3 Nf7 36. Nh4 Nd6 37. Qe2 O-O-O 38. Qf3 Kb8 39. Qe2 Rc8 40. Ng6 Rhc7 41. Qxh5
d4 42. Qf3 Qb3 43. Nh3 Rc2 44. Qe2 Qxb2# 0-1